000
00318 a2200145 4500
001
164368
020
_a
040
_c
Magnum
100
_a
Boltanski, Luc
240
1
0
_a
As classes sociais e o corpo
_l
por
245
1
0
_a
As classes sociais e o corpo
362
0
_a
1899
697
_a
ORGANIZACAO SOCIAL
942
_c
BK
999
_c
164368
_d
164368